000 00207 a2200097 4500
001 13669
100 _aZaidi, N
245 _aMusalman Mojid
260 _aLahore
_bQuami Kattab Khana
_c
090 _c10663
_d10663
942 _aNUST-CAE
_cM
_c740
999 _c248742
_d248742